Impulsados por el espíritu: el Espíritu Santo en los Hechos de los Apóstoles

Guardat en:
Dades bibliogràfiques
Autor principal: Haya Prats, Gonzalo (Autor)
Format: Llibre
Idioma:espanyol
Publicat: Salamanca Secretariado Trinitario 2011
Edició:1a. ed
Col·lecció:Koinonia, 47
Matèries:
Etiquetes: Afegir etiqueta
Sense etiquetes, Sigues el primer a etiquetar aquest registre!

MARC

LEADER 00000cam a2200000 a 4500
001 UCC0120
003 CL-VaPUC
008 170721e20110000sp |||||||||||||||||spa|d
020 |a 9788496488496 
082 0 4 |a 231.3  |b HAY  |2 21 
100 0 |a Haya Prats, Gonzalo  |e author  |9 594038 
245 1 0 |a Impulsados por el espíritu: el Espíritu Santo en los Hechos de los Apóstoles 
250 |a 1a. ed 
300 |a 407 p 
942 |c BK 
945 |d 20170721 23:47:00  |a dcastane 
260 |a Salamanca  |b Secretariado Trinitario  |c 2011 
650 7 |a ESPIRITU SANTO  |2 CL-VaPUC  |9 594039 
650 7 |a SANTISIMA TRINIDAD  |2 CL-VaPUC  |9 479104 
650 0 |a Exégesis   |9 365279 
650 0 |a Antropología cultural y social   |9 265143 
583 |a last modification  |c 20170721 23:47:00  |k Rodrigo Vera 
490 0 |a Koinonia, 47 
999 |c 369064  |d 369062 
952 |0 0  |1 0  |3 erb  |4 0  |6 231_300000000000000_HAY_2011  |7 0  |8 A  |9 484610  |a BIBTEO  |b BIBTEO  |i 5410436  |o 231.3 HAY 2011  |p 5410436  |r 2025-01-17  |w 2019-11-24  |y BK  |z Catalogado en:20170721  |k ICR